Discrete Control for Electropneumatic Servodrive

Bibliographic Details
Main Authors: Hemer, Bogdan (Author), Luczak, Krzysztof (Author), Olszewski, Mariusz (Author)
Format: Article
Language:English
Slovak
PhysicalDescription:Tb. 1. Sch. 3., lit. 8 zázn. v angl., nem.
Subjects:

MARC

LEADER 00000nab a2200000 a 4500
001 vtls000407226
003 SK-MaSNL
005 20260319075154.0
008 160204c1989 xo 0 eng
015 |a SNBRA19rr/mm-uuuuu 
035 |a CL0407350 
040 |a SNKBUCL  |b slo  |c SNKBUCL  |e AACR2 
041 0 |a slo 
044 |a xo  |c SK 
080 |a 681.587  |2 1981 
080 |a 681.513.3  |2 1981 
100 1 |a Hemer, Bogdan  |4 aut  |9 963999 
245 1 0 |a Discrete Control for Electropneumatic Servodrive  |c Bogdan Hemer, Krzysztof Luczak, Mariusz Olszewski 
300 |b Tb. 1. Sch. 3., lit. 8 zázn. v angl., nem. 
650 0 7 |a elektropneumatické servopohony  |2 SNK  |9 964000 
650 0 7 |a číslicové regulátory  |2 SNKPH  |9 195328 
650 0 7 |a poloha  |2 SNK  |9 952071 
655 7 |a články zo zborníkov  |2 SNK  |9 166140 
700 1 |a Luczak, Krzysztof  |4 aut  |9 964001 
700 1 |a Olszewski, Mariusz  |4 aut  |9 810822 
773 0 |t Mládež a robotizácia 2  |d Košice : Dom techniky ČSVTS, 1989  |g S. 41-51 
850 |a Slovenská národná knižnica v Martine  |a MTA001 
852 |a SNK  |b KIS3GCP 
958 |a NB 
958 |a RK 
958 |a PL 
992 |a RZB 
999 |c 1541739  |d 1543669